Giáo trình luật hành chính Việt Nam

Những vấn đề chung về luật hành chính Việt Nam, chủ thể của luật hành chính, hình thức và phương pháp quản lý nhà nước, cưỡng chế hành chính và kiểm soát đối với hoạt động quản lý nhà nước....

ver descrição completa

Na minha lista:
Detalhes bibliográficos
Autor principal: Nguyễn, Cảnh Hợp
Formato: Livro
Idioma:Undetermined
Publicado em: Hà Nội Hồng Đức 2019
Assuntos:
Tags: Adicionar Tag
Sem tags, seja o primeiro a adicionar uma tag!
Thư viện lưu trữ: Trung tâm Học liệu Trường Đại học Cần Thơ
LEADER 00972nam a2200229Ia 4500
001 CTU_236261
008 210402s9999 xx 000 0 und d
020 |c 138000 
082 |a 351.597 
082 |b H466 
100 |a Nguyễn, Cảnh Hợp 
245 0 |a Giáo trình luật hành chính Việt Nam 
245 0 |c Nguyễn Cảnh Hợp (Chủ biên) 
260 |a Hà Nội 
260 |b Hồng Đức 
260 |c 2019 
520 |a Những vấn đề chung về luật hành chính Việt Nam, chủ thể của luật hành chính, hình thức và phương pháp quản lý nhà nước, cưỡng chế hành chính và kiểm soát đối với hoạt động quản lý nhà nước. 
650 |a Hành chính công,Public administration 
650 |z Việt Nam,Vietnam 
904 |i Nhi 
910 |b dqhieu 
980 |a Trung tâm Học liệu Trường Đại học Cần Thơ